Every Serie A Player 2022/23 - Statistics

General Stats
  • This quiz has been taken 62 times
  • The average score is 230 of 603
Answer Stats
% Correct
Inter Milan ST Argentina Lautaro Martinez 38
93%
Fiorentina CB Argentina Lucas Martinez Quarta 27
93%
Juventus ST Serbia Dusan Vlahovic 27
91%
Milan LW Portugal Rafael Leao 35
91%
Inter Milan ST Belgium Romelu Lukaku 25
91%
Lazio CM Serbia Sergej Milinkovic-Savic 36
89%
Torino GK Serbia Vanja Milinkovic-Savic 38
89%
Inter Milan GK Cameroon Andre Onana 24
87%
Juventus ST Poland Arkadiusz Milik 27
87%
Inter Milan ST Bosnia Edin Dzeko 33
87%
Milan GK France Mike Maignan 22
87%
Inter Milan RM Netherlands Denzel Dumfries 34
85%
Juventus LM Serbia Filip Kostic 37
85%
Napoli RB Italy Giovanni Di Lorenzo 37
85%
Juventus RM Colombia Juan Cuadrado 31
85%
Napoli CB South Korea Kim Min-jae 35
85%
Inter Milan CM Italy Nicolo Barella 35
85%
Napoli CM Poland Piotr Zielinski 37
85%
Roma ST England Tammy Abraham 38
85%
Milan LB France Theo Hernandez 32
85%
Atalanta SS Nigeria Ademola Lookman 31
83%
Napoli GK Italy Alex Meret 34
83%
Atalanta ST Colombia Duvan Zapata 25
83%
Milan CB England Fikayo Tomori 33
83%
Inter Milan CM Turkey Hakan Calhanoglu 33
83%
Napoli LW Georgia Khvicha Kvaratskhelia 34
83%
Atalanta ST Colombia Luis Muriel 29
83%
Napoli LB Portugal Mario Rui 22
83%
Milan ST France Olivier Giroud 33
83%
Inter Milan LM Germany Robin Gosens 32
83%
Milan DM Italy Sandro Tonali 34
83%
Inter Milan CB Netherlands Stefan de Vrij 27
83%
Napoli ST Nigeria Victor Osimhen 32
83%
Inter Milan CB Italy Alessandro Bastoni 29
80%
Napoli CM Cameroon Andre-Frank Zambo Anguissa 36
80%
Juventus LW Italy Federico Chiesa 21
80%
Inter Milan CM Armenia Henrikh Mkhitaryan 31
80%
Milan DM Algeria Ismael Bennacer 28
80%
Inter Milan DM Croatia Marcelo Brozovic 28
80%
Inter Milan CB Slovakia Milan Skriniar 21
80%
Juventus ST Italy Moise Kean 28
80%
Spezia CM Italy Simone Bastoni 19
80%
Juventus GK Poland Wojciech Szczesny 28
80%
Juventus CM France Adrien Rabiot 32
78%
Salernitana ST Senegal Boulaye Dia 33
78%
Juventus CB Brazil Bremer 30
78%
Roma CB England Chris Smalling 32
78%
Juventus CB Brazil Danilo 37
78%
Napoli RW Mexico Hirving Lozano 32
78%
Atalanta DM Netherlands Marten de Roon 35
78%
Roma SS Argentina Paulo Dybala 25
78%
Lazio RW Spain Pedro Rodriguez 36
78%
Atalanta ST Denmark Rasmus Hojlund 32
78%
Inter Milan GK Slovenia Samir Handanovic 14
78%
Napoli DM Slovakia Stanislav Lobotka 38
78%
Juventus RW Argentina Angel Di Maria 26
76%
Lazio ST Italy Ciro Immobile 31
76%
Milan ST Belgium Divock Origi 27
76%
Sassuolo RW Italy Domenico Berardi 26
76%
Inter Milan LB Italy Federico Dimarco 33
76%
Inter Milan CB Italy Francesco Acerbi 31
76%
Atalanta LB Denmark Joakim Maehle 34
76%
Juventus CB Italy Leonardo Bonucci 16
76%
Lazio CM Spain Luis Alberto 35
76%
Atalanta AM Croatia Mario Pasalic 32
76%
Lazio CB Spain Patric 18
76%
Roma GK Portugal Rui Patricio 35
76%
Juventus CM United States Weston McKennie 15
76%
Milan AM Spain Brahim Diaz 33
74%
Napoli CM North Macedonia Eljif Elmas 36
74%
Juventus DM Argentina Leandro Paredes 25
74%
Juventus DM Italy Manuel Locatelli 32
74%
Inter Milan RB Italy Matteo Darmian 31
74%
Milan RB United States Sergino Dest 8
74%
Milan CB Denmark Simon Kjaer 17
74%
Juventus LB Brazil Alex Sandro 25
72%
Milan RB Italy Davide Calabria 25
72%
Atalanta CM Brazil Ederson 35
72%
Napoli ST Argentina Giovanni Simeone 25
72%
Milan CB Germany Malick Thiaw 20
72%
Roma LM Poland Nicola Zalewski 33
72%
Milan ST Sweden Zlatan Ibrahimovic 4
72%
Napoli CB Kosovo Amir Rrahmani 29
70%
Milan GK Romania Ciprian Tatarusanu 16
70%
Atalanta GK Argentina Juan Musso 24
70%
Juventus GK Italy Mattia Perin 11
70%
Torino ST Italy Pietro Pellegri 18
70%
Lazio CB Italy Alessio Romagnoli 34
67%
Lazio RW Brazil Felipe Anderson 38
67%
Roma LB Italy Leonardo Spinazzola 26
67%
Bologna GK Poland Lukasz Skorupski 37
67%
Atalanta CB Turkey Merih Demiral 28
67%
Milan CM Bosnia Rade Krunic 23
67%
Lecce CB Italy Simone Romagnoli 7
67%
Napoli DM Germany Diego Demme 7
65%
Cremonese GK Romania Ionut Radu 9
65%
Lazio GK Italy Ivan Provedel 38
65%
Sampdoria LW Spain Jese Rodriguez 11
65%
Inter Milan SS Argentina Joaquin Correa 26
65%
Napoli CB Brazil Juan Jesus 15
65%
Roma AM Italy Lorenzo Pellegrini 32
65%
Lazio LB Italy Luca Pellegrini 7
65%
Lazio CM Uruguay Matias Vecino 32
65%
Napoli RW Italy Matteo Politano 27
65%
Lecce SS Spain Pablo Rodriguez 4
65%
Milan CB France Pierre Kalulu 34
65%
Torino CB Switzerland Ricardo Rodriguez 35
65%
Fiorentina DM Morocco Sofyan Amrabat 29
65%
Lazio LB Romania Stefan Radu 1
65%
Atalanta DM Netherlands Teun Koopmeiners 33
65%
Milan RW Belgium Alexis Saelemaekers 30
63%
Milan AM Belgium Charles De Ketelaere 32
63%
Fiorentina LB Italy Cristiano Biraghi 33
63%
Juventus CB Italy Daniele Rugani 9
63%
Atalanta RB Italy Davide Zappacosta 21
63%
Lazio RB Albania Elseid Hysaj 34
63%
Roma CB Italy Gianluca Mancini 35
63%
Bologna ST Austria Marko Arnautovic 21
63%
Napoli LB Uruguay Mathias Olivera 30
63%
Juventus RB Italy Mattia De Sciglio 17
63%
Fiorentina CB Serbia Nikola Milenkovic 27
63%
Roma RB Turkey Zeki Celik 24
63%
Lazio RB Montenegro Adam Marusic 33
61%
Roma ST Italy Andrea Belotti 31
61%
Milan LW Croatia Ante Rebic 23
61%
Roma DM Italy Bryan Cristante 36
61%
Fiorentina RB Brazil Dodo 33
61%
Milan LB Senegal Fode Ballo-Toure 10
61%
Atalanta RB Netherlands Hans Hateboer 17
61%
Roma DM Serbia Nemanja Matic 35
61%
Juventus LW England Samuel Iling-Junior 12
61%
Atalanta CB Albania Berat Djimsiti 24
59%
Juventus CB Italy Federico Gatti 18
59%
Napoli SS Italy Giacomo Raspadori 25
59%
Sassuolo SS Italy Giacomo Raspadori 1
59%
Atalanta CB Italy Giorgio Scalvini 32
59%
Milan RW Brazil Junior Messias 25
59%
Fiorentina ST Serbia Luka Jovic 31
59%
Atalanta CB Italy Rafael Toloi 32
59%
Roma LW Italy Stephan El Shaarawy 29
59%
Spezia GK Poland Bartlomiej Dragowski 34
57%
Inter Milan CB Italy Danilo D'Ambrosio 15
57%
Juventus DM Switzerland Denis Zakaria 2
57%
Bologna DM Chile Gary Medel 29
57%
Salernitana GK Mexico Guillermo Ochoa 20
57%
Atalanta LW Ivory Coast Jeremie Boga 23
57%
Lecce CM Spain Joan Gonzalez 35
57%
Bologna ST Netherlands Joshua Zirkzee 19
57%
Inter Milan DM Albania Kristjan Asllani 20
57%
Bologna CM Scotland Lewis Ferguson 32
57%
Monza CM Italy Matteo Pessina 35
57%
Fiorentina LW Argentina Nicolas Gonzalez 24
57%
Monza CB Spain Pablo Mari 30
57%
Juventus CM France Paul Pogba 6
57%
Roma RB Netherlands Rick Karsdorp 13
57%
Salernitana RM France Antonio Candreva 35
54%
Napoli RB Poland Bartosz Bereszynski 3
54%
Sampdoria RB Poland Bartosz Bereszynski 15
54%
Fiorentina RW France Jonathan Ikone 33
54%
Atalanta GK Italy Marco Sportiello 15
54%
Juventus RW Argentina Matias Soule 13
54%
Bologna LW Gambia Musa Barrow 32
54%
Inter Milan CM Italy Roberto Gagliardini 19
54%
Napoli CM France Tanguy Ndombele 30
54%
Atalanta GK Italy Francesco Rossi 1
52%
Atalanta CB Argentina Jose Luis Palomino 15
52%
Salernitana ST Poland Krzysztof Piatek 33
52%
Napoli CB Norway Leo Ostigard 7
52%
Lazio RB Italy Manuel Lazzari 28
52%
Lazio LW Italy Mattia Zaccagni 35
52%
Monza GK Italy Michele Di Gregorio 37
52%
Bologna RW Italy Riccardo Orsolini 32
52%
Roma CB Brazil Roger Ibanez 33
52%
Atalanta AM Ukraine Ruslan Malinovskyi 15
52%
Bologna RB Austria Stefan Posch 30
52%
Fiorentina AM Czech Republic Antonin Barak 30
50%
Hellas Verona AM Czech Republic Antonin Barak 1
50%
Fiorentina ST Brazil Arthur Cabral 28
50%
Roma ST Uzbekistan Eldor Shomurodov 6
50%
Spezia ST Uzbekistan Eldor Shomurodov 15
50%
Juventus CM Italy Fabio Miretti 27
50%
Sampdoria ST Italy Fabio Quagliarella 23
50%
Fiorentina CM Italy Giacomo Bonaventura 30
50%
Fiorentina CB Brazil Igor 27
50%
Cremonese GK Italy Marco Carnesecchi 27
50%
Milan CB Italy Matteo Gabbia 12
50%
Bologna CM Argentina Nicolas Dominguez 31
50%
Roma AM Italy Nicolo Zaniolo 13
50%
Torino AM Croatia Nikola Vlasic 34
50%
Torino AM Russia Aleksey Miranchuk 29
48%
Milan RB Italy Alessandro Florenzi 6
48%
Sassuolo GK Italy Andrea Consigli 35
48%
Monza LB Brazil Carlos Augusto 35
48%
Hellas Verona RM Italy Filippo Terracciano 20
48%
Sassuolo DM France Maxime Lopez 30
48%
Spezia ST Angola M'Bala Nzola 31
48%
Fiorentina GK Italy Pietro Terracciano 29
48%
Napoli RW Algeria Adam Ounas 2
46%
Fiorentina CM Ghana Alfred Duncan 25
46%
Torino ST Paraguay Antonio Sanabria 33
46%
Udinese ST Portugal Beto 33
46%
Sassuolo CM Italy Davide Frattesi 36
46%
Lecce CB Italy Federico Baschirotto 37
46%
Bologna RB Italy Lorenzo De Silvestri 15
46%
Roma GK Serbia Mile Svilar 3
46%
Juventus CM Italy Nicolo Fagioli 26
46%
Empoli CM Romania Razvan Marin 33
46%
Bologna LB Italy Andrea Cambiaso 32
43%
Monza ST Portugal Dany Mota 29
43%
Spezia CB Wales Ethan Ampadu 31
43%
Roma CM Netherlands Georginio Wijnaldum 14
43%
Empoli GK Italy Guglielmo Vicario 31
43%
Bologna CB Colombia Jhon Lucumi 33
43%
Torino CM Poland Karol Linetty 32
43%
Lecce LW Zambia Lameck Banda 36
43%
Roma CB Albania Marash Kumbulla 7
43%
Udinese GK Italy Marco Silvestri 38
43%
Roma LB Uruguay Matias Vina 3
43%
Fiorentina GK Italy Pierluigi Gollini 3
43%
Napoli GK Italy Pierluigi Gollini 4
43%
Monza CB Italy Andrea Carboni 4
41%
Monza ST Italy Andrea Petagna 31
41%
Milan CM Belgium Aster Vranckx 9
41%
Roma CM Italy Edoardo Bove 22
41%
Udinese CB Cameroon Enzo Ebosse 20
41%
Empoli ST Italy Francesco Caputo 21
41%
Sampdoria ST Italy Francesco Caputo 15
41%
Monza LB Argentina Franco Carboni 3
41%
Bologna LB Greece Georgios Kyriakopoulos 12
41%
Sassuolo LB Greece Georgios Kyriakopoulos 12
41%
Lecce DM Denmark Morten Hjulmand 35
41%
Lazio CB Italy Nicolo Casale 29
41%
Hellas Verona CB Poland Pawel Dawidowicz 23
41%
Inter Milan AM Argentina Valentin Carboni 5
41%
Torino RB Ivory Coast Wilfried Singo 31
41%
Sampdoria AM Morocco Abdelhamid Sabiri 18
39%
Sassuolo ST Uruguay Agustin Alvarez 22
39%
Torino CB Italy Alessandro Buongiorno 34
39%
Sassuolo LW France Armand Lauriente 28
39%
Fiorentina ST Ivory Coast Christian Kouame 28
39%
Lazio DM Italy Danilo Cataldi 29
39%
Udinese RB Ireland Festy Ebosele 17
39%
Sassuolo RB Germany Jeremy Toljan 31
39%
Lazio GK Portugal Luis Maximiano 1
39%
Lazio RW Argentina Luka Romero 6
39%
Atalanta LB Italy Matteo Ruggeri 15
39%
Roma RW Norway Ola Solbakken 14
39%
Torino CB Netherlands Perr Schuurs 30
39%
Fiorentina DM Italy Rolando Mandragora 29
39%
Empoli CB Italy Sebastiano Luperto 36
39%
Fiorentina CM Poland Szymon Zurkowski 2
39%
Spezia CM Poland Szymon Zurkowski 10
39%
Lazio CM Croatia Toma Basic 25
39%
Lecce GK Italy Wladimiro Falcone 38
39%
Milan AM France Yacine Adli 6
39%
Bologna CB France Adama Soumaoro 23
37%
Napoli RB Italy Alessandro Zanoli 1
37%
Sampdoria RB Italy Alessandro Zanoli 22
37%
Milan GK Italy Antonio Mirante 1
37%
Atalanta RB France Brandon Soppy 15
37%
Udinese RB France Brandon Soppy 1
37%
Bologna LB Greece Charalampos Lykogiannis 21
37%
Cremonese ST Nigeria Cyriel Dessers 26
37%
Hellas Verona LM Serbia Darko Lazovic 30
37%
Cremonese ST Nigeria David Okereke 33
37%
Roma CB Spain Diego Llorente 9
37%
Sampdoria GK Italy Emil Audero 25
37%
Juventus DM Argentina Enzo Barrenechea 3
37%
Salernitana LW France Franck Ribery 1
37%
Salernitana CM Cyprus Grigoris Kastanos 28
37%
Hellas Verona CM Serbia Ivan Ilic 11
37%
Torino CM Serbia Ivan Ilic 14
37%
Udinese CB Slovenia Jaka Bijol 32
37%
Empoli CM Ivory Coast Jean-Daniel Akpa Akpro 24
37%
Hellas Verona GK Italy Lorenzo Montipo 37
37%
Lazio CB Spain Mario Gila 4
37%
Hellas Verona ST Bosnia Milan Djuric 28
37%
Sassuolo CM Equatorial Guinea Pedro Obiang 17
37%
Udinese CM Argentina Roberto Pereyra 34
37%
Sampdoria CM England Ronaldo Vieira 16
37%
Torino CM England Ronaldo Vieira 2
37%
Udinese CM Slovenia Sandi Lovric 37
37%
Milan DM France Tiemoue Bakayoko 3
37%
Sampdoria DM Venezuela Tomas Rincon 34
37%
Spezia AM Italy Daniel Maldini 18
35%
Salernitana LB Croatia Domagoj Bradaric 31
35%
Spezia RB Sweden Emil Holm 20
35%
Empoli LB Italy Fabiano Parisi 33
35%
Udinese ST Spain Gerard Deulofeu 16
35%
Udinese ST Nigeria Isaac Success 30
35%
Hellas Verona CB Sweden Isak Hien 32
35%
Sampdoria CB Colombia Jeison Murillo 20
35%
Salernitana CM Mali Lassana Coulibaly 35
35%
Udinese CM Serbia Lazar Samardzic 37
35%
Empoli CM Scotland Liam Henderson 25
35%
Lecce ST Italy Lorenzo Colombo 33
35%
Fiorentina CB Italy Luca Ranieri 9
35%
Sassuolo CM Brazil Matheus Henrique 30
35%
Sassuolo RB Turkey Mert Muldur 2
35%
Bologna CM Switzerland Michel Aebischer 32
35%
Udinese CB Argentina Nehuen Perez 34
35%
Inter Milan RB Italy Raoul Bellanova 18
35%
Monza CM Italy Stefano Sensi 28
35%
Lecce RB France Valentin Gendrey 37
35%
Sassuolo ST Italy Andrea Pinamonti 32
33%
Monza CB Italy Andrea Ranocchia 1
33%
Empoli CB Albania Ardian Ismajli 25
33%
Hellas Verona RW Belgium Cyril Ngonge 14
33%
Hellas Verona RB Italy Davide Faraoni 23
33%
Salernitana ST Norway Erik Botheim 28
33%
Salernitana CB Argentina Federico Fazio 14
33%
Monza CM Italy Filippo Ranocchia 14
33%
Udinese ST North Macedonia Ilija Nestorovski 21
33%
Torino CB Ivory Coast Koffi Djidji 34
33%
Salernitana GK Italy Luigi Sepe 17
33%
Sampdoria ST Italy Manolo Gabbiadini 35
33%
Milan ST Serbia Marko Lazetic 1
33%
Torino RB Kosovo Mergim Vojvoda 29
33%
Empoli AM Albania Nedim Bajrami 19
33%
Sassuolo AM Albania Nedim Bajrami 18
33%
Juventus DM Italy Nicolo Rovella 3
33%
Monza DM Italy Nicolo Rovella 25
33%
Bologna DM Croatia Nikola Moro 26
33%
Salernitana RB Italy Pasquale Mazzocchi 27
33%
Bologna AM Italy Roberto Soriano 27
33%
Hellas Verona DM Cameroon Adrien Tameze 37
30%
Lecce LB Italy Antonino Gallo 32
30%
Spezia LB Poland Arkadiusz Reca 30
30%
Monza ST Denmark Christian Gytkjaer 22
30%
Udinese LB Italy Destiny Udogie 33
30%
Salernitana CM Norway Emil Bohinen 24
30%
Spezia LW Ghana Emmanuel Gyasi 35
30%
Salernitana ST Italy Federico Bonazzoli 24
30%
Lecce LW Italy Federico Di Francesco 36
30%
Lecce RW Brazil Gabriel Strefezza 35
30%
Monza SS Italy Gianluca Caprari 37
30%
Napoli AM Italy Gianluca Gaetano 8
30%
Salernitana CM Italy Giulio Maggiore 16
30%
Spezia CB Poland Jakub Kiwior 17
30%
Bologna DM Netherlands Jerdy Schouten 33
30%
Cremonese CB Mexico Johan Vasquez 25
30%
Spezia AM Colombia Kevin Agudelo 34
30%
Hellas Verona CB Germany Koray Gunter 13
30%
Sampdoria CB Germany Koray Gunter 10
30%
Sassuolo AM Norway Kristian Thorstvedt 31
30%
Empoli LB New Zealand Liberato Cacace 12
30%
Roma CM Guinea Mady Camara 15
30%
Hellas Verona DM Cameroon Martin Hongla 9
30%
Empoli ST Uruguay Martin Satriano 31
30%
Torino LW Serbia Nemanja Radonjic 28
30%
Bologna LW Italy Nicola Sansone 18
30%
Fiorentina AM Italy Riccardo Saponara 29
30%
Fiorentina LW Italy Riccardo Sottil 18
30%
Sassuolo LB Brazil Rogerio 36
30%
Fiorentina GK Italy Salvatore Sirigu 1
30%
Lecce CB France Samuel Umtiti 25
30%
Udinese CM Germany Tolgay Arslan 36
30%
Milan CM Italy Tommaso Pobega 19
30%
Torino RB Austria Valentino Lazaro 23
30%
Udinese CB Morocco Adam Masina 14
28%
Cremonese ST Italy Alberto Basso Ricci 1
28%
Monza GK Italy Alessio Cragno 1
28%
Inter Milan GK Italy Alex Cordaz 1
28%
Cremonese CB Italy Alex Ferrari 16
28%
Sampdoria CB Italy Alex Ferrari 12
28%
Monza CM Italy Andrea Colpani 27
28%
Lecce ST Gambia Assan Ceesay 34
28%
Cremonese DM Switzerland Charles Pickel 33
28%
Roma AM Italy Cristian Volpato 7
28%
Cremonese LB Italy Emanuele Valeri 37
28%
Salernitana CB Austria Flavius Daniliuc 27
28%
Sassuolo CB Italy Gian Marco Ferrari 33
28%
Sassuolo ST France Gregoire Defrel 27
28%
Sampdoria DM England Harry Winks 20
28%
Hellas Verona LB Scotland Josh Doig 22
28%
Udinese RB Netherlands Kingsley Ehizibue 27
28%
Salernitana CB Italy Lorenzo Pirola 26
28%
Hellas Verona DM Portugal Miguel Veloso 22
28%
Cremonese GK Senegal Mouhamadou Sarr 2
28%
Salernitana CB Slovakia Norbert Gyomber 27
28%
Torino RB Nigeria Ola Aina 19
28%
Sampdoria CB Gambia Omar Colley 16
28%
Torino DM Italy Samuele Ricci 28
28%
Empoli CB Poland Sebastian Walukiewicz 11
28%
Empoli AM Italy Tommaso Baldanzi 26
28%
Salernitana CM Netherlands Tonny Vilhena 33
28%
Empoli RB Nigeria Tyronne Ebuehi 26
28%
Spezia AM Ukraine Viktor Kovalenko 18
28%
Cremonese CB Romania Vlad Chiriches 16
28%
Fiorentina LB Serbia Aleksa Terzic 22
26%
Sampdoria RB Italy Andrea Conti 1
26%
Roma CM Bosnia Benjamin Tahirovic 11
26%
Atalanta CB Italy Caleb Okoli 17
26%
Spezia RW Italy Daniele Verde 25
26%
Cremonese ST Ghana Felix Afena-Gyan 23
26%
Cremonese CB Georgia Luka Lochoshvili 25
26%
Monza CB Brazil Marlon 28
26%
Sassuolo CB Croatia Martin Erlic 28
26%
Lazio RW Italy Matteo Cancellieri 20
26%
Empoli ST Italy Mattia Destro 17
26%
Empoli ST Italy Roberto Piccoli 13
26%
Hellas Verona ST Italy Roberto Piccoli 7
26%
Udinese CB Brazil Rodrigo Becao 28
26%
Sassuolo CB Brazil Ruan Tressoldi 23
26%
Udinese DM Brazil Walace 37
26%
Torino LW France Yann Karamoh 21
26%
Spezia DM Sweden Albin Ekdal 31
24%
Lecce DM France Alexis Blin 35
24%
Hellas Verona CB Argentina Bruno Amione 1
24%
Sampdoria CB Argentina Bruno Amione 26
24%
Spezia CB Greece Dimitrios Nikolaou 36
24%
Sampdoria AM Serbia Filip Djuricic 32
24%
Sassuolo AM Ivory Coast Hamed Junior Traore 11
24%
Monza CM Equatorial Guinea Jose Machin 25
24%
Sassuolo CB Turkey Kaan Ayhan 10
24%
Empoli CB Belgium Koni De Winter 14
24%
Fiorentina RB Italy Lorenzo Venuti 17
24%
Cremonese CM Italy Marco Benassi 15
24%
Fiorentina CM Italy Marco Benassi 2
24%
Empoli LW Croatia Marko Pjaca 17
24%
Sampdoria GK Italy Nicola Ravaglia 9
24%
Empoli RB Slovenia Petar Stojanovic 27
24%
Lecce RW France Remi Oudin 31
24%
Empoli GK Kosovo Samir Ujkani 1
24%
Empoli ST Netherlands Sam Lammers 14
24%
Sampdoria ST Netherlands Sam Lammers 19
24%
Monza RB Italy Samuele Birindelli 31
24%
Torino CM Serbia Sasa Lukic 16
24%
Hellas Verona AM Italy Simone Verdi 24
24%
Hellas Verona ST France Thomas Henry 16
24%
Sampdoria LB Italy Tommaso Augello 37
24%
Monza CM France Warren Bondo 4
24%
Hellas Verona RW Sierra Leone Yayah Kallon 22
24%
Fiorentina CM Morocco Youssef Maleh 7
24%
Lecce CM Morocco Youssef Maleh 17
24%
Sampdoria CB Netherlands Bram Nuytinck 19
22%
Udinese CB Netherlands Bram Nuytinck 6
22%
Salernitana CB Tunisia Dylan Bronn 24
22%
Hellas Verona RB Italy Fabio Depaoli 31
22%
Sampdoria RB Italy Fabio Depaoli 3
22%
Lecce LB Italy Giuseppe Pezzella 16
22%
Spezia GK Netherlands Jeroen Zoet 5
22%
Salernitana RB France Junior Sambia 22
22%
Hellas Verona ST Italy Kevin Lasagna 26
22%
Monza CB Italy Luca Caldirola 31
22%
Cremonese RW Italy Luca Zanimacchia 15
22%
Lazio CM Brazil Marcos Antonio 16
22%
Lecce CB Croatia Marin Pongracic 9
22%
Salernitana CB Italy Matteo Lovato 17
22%
Spezia CB Italy Mattia Caldara 20
22%
Spezia DM Morocco Mehdi Bourabia 37
22%
Atalanta RB Italy Nadir Zortea 9
22%
Sassuolo RB Italy Nadir Zortea 10
22%
Empoli CM Switzerland Nicolas Haas 24
22%
Empoli LW Italy Nicolo Cambiaghi 28
22%
Hellas Verona AM Slovakia Ondrej Duda 15
22%
Cremonese CM France Soualiho Meite 31
22%
Monza CB Bulgaria Valentin Antov 9
22%
Hellas Verona AM Australia Ajdin Hrustic 6
20%
Napoli LW Italy Alessio Zerbin 10
20%
Monza CB Italy Armando Izzo 30
20%
Torino CB Czech Republic David Zima 9
20%
Bologna RW Italy Emanuel Vignato 8
20%
Empoli RW Italy Emanuel Vignato 5
20%
Empoli CM Italy Filippo Bandinelli 35
20%
Sassuolo GK Italy Gianluca Pegolo 2
20%
Empoli CM Italy Jacopo Fazzini 21
20%
Udinese CM France Jean-Victor Makengo 16
20%
Spezia RB France Kelvin Amian 30
20%
Bologna CB Italy Kevin Bonifazi 13
20%
Inter Milan RB Italy Mattia Zanotti 2
20%
Sampdoria LB Italy Nicola Murru 20
20%
Monza AM Italy Samuele Vignato 5
20%
Cremonese ST Italy Daniel Ciofani 32
17%
Torino RW Senegal Demba Seck 19
17%
Empoli ST Sweden Emmanuel Ekong 2
17%
Udinese RW France Florian Thauvin 16
17%
Sampdoria CM Spain Gonzalo Villar 15
17%
Torino CM Lithuania Gvidas Gineitis 3
17%
Cremonese CB Scotland Jack Hendry 4
17%
Bologna CB Uruguay Joaquin Sosa 10
17%
Monza RW Italy Patrick Ciurria 36
17%
Spezia CB Bulgaria Petko Hristov 9
17%
Empoli GK Italy Samuele Perisan 7
17%
Sampdoria AM Italy Valerio Verre 18
17%
Salernitana CB Nigeria William Troost-Ekong 9
17%
Empoli DM Italy Alberto Grassi 25
15%
Salernitana ST Chile Diego Valencia 12
15%
Cremonese CB Austria Emanuel Aiwu 23
15%
Fiorentina CM Italy Gaetano Castrovilli 15
15%
Cremonese CM Argentina Gonzalo Escalante 9
15%
Sassuolo ST France Janis Antiste 2
15%
Fiorentina LW Croatia Josip Brekalo 6
15%
Napoli LM Algeria Karim Zedadka 3
15%
Cremonese RB Italy Leonardo Sernicola 32
15%
Empoli CB Italy Lorenzo Tonelli 1
15%
Udinese CB Netherlands Marvin Zeegelaar 7
15%
Cremonese CB Italy Matteo Bianchetti 25
15%
Cremonese DM Italy Michele Castagnetti 27
15%
Fiorentina GK Italy Michele Cerofolini 5
15%
Sassuolo CM Morocco Abdou Harroui 23
13%
Fiorentina CM Italy Alessandro Bianco 7
13%
Monza DM Italy Andrea Barberis 9
13%
Cremonese LW Italy Cristian Buonaiuto 29
13%
Sassuolo LW Norway Emil Konradsen Ceide 19
13%
Roma RB Italy Filippo Missori 3
13%
Cremonese ST Italy Frank Tsadjout 20
13%
Sampdoria RM Algeria Mehdi Leris 32
13%
Torino CM France Michel Adopo 9
13%
Cremonese RB Italy Paolo Ghiglione 15
13%
Spezia DM Italy Salvatore Esposito 15
13%
Cremonese DM Argentina Santiago Ascacibar 13
13%
Juventus RB Italy Tommaso Barbieri 3
13%
Hellas Verona ST Argentina Adolfo Gaich 16
11%
Bologna RB Netherlands Denso Kasius 7
11%
Hellas Verona CB Italy Diego Coppola 19
11%
Sampdoria CM Turkey Emirhan Ilkhan 8
11%
Torino CM Turkey Emirhan Ilkhan 4
11%
Spezia GK Italy Federico Marchetti 1
11%
Sassuolo CB Italy Filippo Romagna 2
11%
Cremonese LB Italy Giacomo Quagliata 20
11%
Hellas Verona CB Italy Giangiacomo Magnani 24
11%
Spezia LB Portugal Joao Moutinho 4
11%
Hellas Verona CB Colombia Juan Cabal 11
11%
Sampdoria ST Italy Manuel De Luca 2
11%
Lecce CB Turkey Mert Cetin 1
11%
Spezia CB Poland Przemyslaw Wisniewski 14
11%
Spezia ST Latvia Raimonds Krollis 4
11%
Spezia RB Spain Salva Ferrer 5
11%
Udinese AM Italy Simone Pafundi 8
11%
Torino CB Guadeloupe Andreaw Gravillon 7
9%
Sampdoria ST Italy Daniele Montevago 6
9%
Spezia ST Slovakia David Strelec 7
9%
Hellas Verona CB Italy Federico Ceccherini 22
9%
Spezia CM Italy Jacopo Sala 6
9%
Lecce ST Sweden Joel Voelkerling Persson 9
9%
Lecce CB Albania Kastriot Dermaku 1
9%
Lecce CM Norway Kristoffer Askildsen 21
9%
Roma CM Italy Niccolo Pisilli 1
9%
Hellas Verona CB Greece Panagiotis Retsos 2
9%
Sassuolo LB Italy Riccardo Marchizza 10
9%
Hellas Verona GK Italy Simone Perilli 1
9%
Sassuolo GK Italy Alessandro Russo 1
7%
Torino RM France Brian Bayeye 2
7%
Hellas Verona RB Netherlands Deyovaisio Zeefuik 1
7%
Bologna GK Italy Francesco Bardi 1
7%
Monza RB Italy Giulio Donati 8
7%
Salernitana CM Italy Hans Nicolussi Caviglia 12
7%
Hellas Verona DM Ghana Ibrahim Sulemana 16
7%
Cremonese LW Uruguay Jaime Baez 2
7%
Hellas Verona ST Netherlands Jayden Braaf 6
7%
Monza RW Italy Marco D'Alessandro 8
7%
Udinese DM Bosnia Mato Jajalo 3
7%
Cremonese CM Chile Pablo Galdames 13
7%
Monza RM Italy Salvatore Molina 5
7%
Lecce CM Iceland Thorir Johann Helgason 12
7%
Salernitana GK Italy Vincenzo Fiorillo 1
7%
Udinese ST Portugal Vivaldo 5
7%
Udinese CB France Axel Guessand 1
4%
Sampdoria DM Spain Gerard Yepes 5
4%
Salernitana DM Serbia Ivan Radovanovic 10
4%
Udinese CB Ireland James Abankwah 2
4%
Salernitana ST Norway Julian Kristoffersen 1
4%
Sassuolo RW Italy Luca D'Andrea 5
4%
Monza CB Italy Luca Marrone 2
4%
Atalanta LW Czech Republic Lukas Vorlicky 3
4%
Monza CM Italy Mattia Valoti 16
4%
Spezia CM Iceland Mikael Egill Ellertsson 11
4%
Bologna CM Finland Niklas Pyyhtia 6
4%
Sampdoria CM Venezuela Telasco Segovia 1
4%
Atalanta SS Italy Tommaso De Nipoti 1
4%
Lecce CB Italy Alessandro Tuia 7
2%
Salernitana CM Italy Antonio Pio Iervolino 1
2%
Bologna ST Italy Antonio Raimondo 2
2%
Cremonese CM Italy Christian Acella 1
2%
Sampdoria RW Argentina Ignacio Pussetto 5
2%
Roma ST Poland Jordan Majchrzak 1
2%
Lecce CM Croatia Kristijan Bistrovic 11
2%
Lecce AM Poland Marcin Listkowski 5
2%
Sampdoria GK Slovenia Martin Turk 4
2%
Hellas Verona DM Denmark Oliver Abildgaard 13
2%
Cremonese ST Italy Samuel Di Carmine 2
2%
Lecce RB Italy Tommaso Cassandro 1
2%
Cremonese CM Italy Tommaso Milanese 2
2%
Hellas Verona AM Italy Alessandro Cortinovis 1
0%
Salernitana CM Slovenia Domen Crnigoj 7
0%
Empoli DM Italy Duccio Degli Innocenti 1
0%
Sampdoria DM Italy Flavio Paoletti 12
0%
Empoli ST Portugal Herculano Nabian 1
0%
Torino CM Italy Jacopo Segre 1
0%
Spezia CM Denmark Julius Beck 1
0%
Spezia RW Guinea-Bissau Leandro Sanca 4
0%
Udinese LB Portugal Leonardo Buta 2
0%
Sampdoria LM Italy Lorenzo Malagrida 6
0%
Lazio DM Italy Marco Bertini 1
0%
Sampdoria CB Greece Marios Ikonomou 6
0%
Sampdoria CM France Michael Cuisance 12
0%
Sampdoria ST Serbia Mihailo Ivanovic 1
0%
Udinese CB Italy Nicolo Cocetta 1
0%
Spezia GK Bosnia Petar Zovko 1
0%
Lecce CB Italy Pietro Ceccaroni 2
0%
Sampdoria LW Belgium Samuel Ntanda 1
0%
Spezia CM Slovenia Tio Cipot 8
0%
No matching quizzes found
Score Distribution
Percent of People with Each Score
Percentile by Number Answered
Your Score History
You have not taken this quiz